[Event "Voronezh sim"]
[Site "Voronezh"]
[Date "1997.??.??"]
[Round "?"]
[White "Karpov, Anatoly"]
[Black "Kozlova, Olga"]
[Result "1/2-1/2"]
[WhiteElo "2760"]
[BlackElo "2240"]
[PlyCount "48"]
[EventDate "1997.??.??"]
[EventType "simul"]
[EventRounds "1"]
[EventCountry "RUS"]
[SourceTitle "EXT 2000"]
[Source "ChessBase"]
[SourceDate "1999.11.16"]
[SourceVersion "1"]
[SourceVersionDate "1999.11.16"]
[SourceQuality "1"]

1. d4 Nf6 2. c4 e6 3. Nf3 Bb4+ 4. Nbd2 0-0 5. a3 Bxd2+ 6. Qxd2 b6 7. g3 Bb7 8. Bg2 d6 9. b4 Nbd7 10. Bb2 c5 11. 0-0 Rc8 12. dxc5 dxc5 13. b5 Qc7 14. a4 Rfd8 15. Qc3 Ra8 16. Rad1 Ne8 17. Qe3 Nf8 18. a5 bxa5 19. Ba3 Rdc8 20. Ne5 Bxg2 21. Kxg2 Ng6 22. f4 Nd6 23. Bb2 Nf5 24. Qe4 Nd6 1/2-1/2

[Event "RUS-ch (Women) sf"]
[Site "Kolontaevo"]
[Date "1997.??.??"]
[Round "?"]
[White "Khramtsova, Elena"]
[Black "Kozlova, Olga"]
[Result "1/2-1/2"]
[WhiteElo "2150"]
[BlackElo "2240"]
[PlyCount "104"]
[EventDate "1997.??.??"]
[EventType "swiss"]
[EventRounds "9"]
[EventCountry "RUS"]
[SourceTitle "EXT 1999"]
[Source "ChessBase"]
[SourceDate "1998.11.16"]
[SourceVersion "1"]
[SourceVersionDate "1998.11.16"]
[SourceQuality "1"]

1. e4 e5 2. Nf3 Nc6 3. Bb5 a6 4. Ba4 d6 5. 0-0 Bd7 6. d4 Nge7 7. c3 h6 8. Be3 Ng6 9. dxe5 dxe5 10. Qe2 Be7 11. Rd1 Qc8 12. Nbd2 0-0 13. Nf1 Nd4 14. Nxd4 Bxa4 15. Nc2 Nh4 16. Rd2 Qe6 17. b3 Bc6 18. f3 f5 19. exf5 Nxf5 20. Bf2 Bg5 21. Rdd1 Rae8 22. Nb4 e4 23. Nxc6 Qxc6 24. fxe4 Rxe4 25. Qd3 Rd8 26. Qf3 Nd6 27. Ng3 Rf8 28. Rxd6 Rxf3 29. Rxc6 Rxg3 30. Bxg3 bxc6 31. Bxc7 Bf6 32. Rc1 Re2 33. a4 Rb2 34. b4 Rb3 35. b5 cxb5 36. axb5 axb5 37. c4 b4 38. Kf1 Bg5 39. Ra1 Rc3 40. Ra8+ Kf7 41. Rb8 Rxc4 42. Bd6 Bd2 43. Ke2 Bc3 44. g3 Ke6 45. Bf8 Kd5 46. Rb6 Rc6 47. Rb7 Kc4 48. Bxb4 Bxb4 49. Rxg7 Kd5 50. Kf3 Ke5 51. Rb7 Bc5 52. Rb2 Rf6+ 1/2-1/2

[Event "Zagorovsky Memorial op"]
[Site "Voronezh"]
[Date "1997.??.??"]
[Round "?"]
[White "Kozlova, Olga"]
[Black "Filippov, Valerij"]
[Result "1-0"]
[WhiteElo "2240"]
[BlackElo "2510"]
[PlyCount "53"]
[EventDate "1997.??.??"]
[EventType "swiss"]
[EventRounds "9"]
[EventCountry "RUS"]
[SourceTitle "EXT 2000"]
[Source "ChessBase"]
[SourceDate "1999.11.16"]
[SourceVersion "1"]
[SourceVersionDate "1999.11.16"]
[SourceQuality "1"]

1. e4 d6 2. d4 Nf6 3. Nc3 g6 4. f4 Bg7 5. Nf3 0-0 6. Bd3 Na6 7. 0-0 c5 8. d5 Rb8 9. Re1 Nc7 10. a4 b6 11. Nb5 a6 12. Nxc7 Qxc7 13. Qe2 Qb7 14. c4 Ne8 15. Rb1 e6 16. dxe6 Bxe6 17. f5 Bd7 18. b3 b5 19. Bf4 Bc6 20. axb5 axb5 21. cxb5 Bxb5 22. e5 Bc6 23. f6 Bh8 24. Ng5 dxe5 25. Bxe5 Rd8 26. Qh5 Nxf6 27. Bxf6 1-0

[Event "Pecs Suto op"]
[Site "Pecs"]
[Date "1997.??.??"]
[Round "?"]
[White "Kozlova, Olga"]
[Black "Gyorkos, Lajos"]
[Result "1/2-1/2"]
[WhiteElo "2240"]
[BlackElo "2425"]
[PlyCount "63"]
[EventDate "1997.??.??"]
[EventType "swiss"]
[EventRounds "9"]
[EventCountry "HUN"]
[SourceTitle "EXT 2004"]
[Source "ChessBase"]
[SourceDate "2003.11.25"]
[SourceVersion "1"]
[SourceVersionDate "2003.11.25"]
[SourceQuality "1"]

1. e4 c5 2. Nf3 d6 3. d4 cxd4 4. Nxd4 Nf6 5. Nc3 a6 6. Bc4 e6 7. Bb3 Be7 8. 0-0 b5 9. Qf3 Qb6 10. Bg5 Nbd7 11. Rad1 0-0 12. Rfe1 Re8 13. Qg3 Ne5 14. Be3 Qb7 15. f4 Nc4 16. e5 dxe5 17. fxe5 Ne4 18. Nxe4 Qxe4 19. Bg5 Qb7 20. Bh6 g6 21. c3 Qc7 22. Re2 Bb7 23. Rf1 Bf8 24. Bxf8 Rxf8 25. Qg5 Rad8 26. Rf4 Rd5 27. Qh6 Rxe5 28. Nxe6 Qb6+ 29. Kh1 Bxg2+ 30. Kxg2 Qxe6 31. Rxe5 Qxe5 32. Rh4 1/2-1/2

[Event "Harkany Tenkes Cup"]
[Site "Harkany"]
[Date "1997.??.??"]
[Round "8"]
[White "Kozlova, Olga"]
[Black "Kaposztas, Miklos"]
[Result "1-0"]
[WhiteElo "2240"]
[BlackElo "2330"]
[PlyCount "87"]
[EventDate "1997.11.??"]
[EventType "swiss"]
[EventRounds "9"]
[EventCountry "HUN"]
[SourceTitle "EXT 2001"]
[Source "ChessBase"]
[SourceDate "2000.11.22"]
[SourceVersion "1"]
[SourceVersionDate "2000.11.22"]
[SourceQuality "1"]

1. e4 c5 2. Nf3 g6 3. c4 Bg7 4. d4 cxd4 5. Nxd4 d6 6. Nc3 Nh6 7. h3 0-0 8. g4 f6 9. Be3 Nc6 10. Qd2 Nf7 11. Be2 e5 12. Nc2 Be6 13. Rd1 Qe7 14. Nd5 Bxd5 15. Qxd5 Rfd8 16. h4 Qc7 17. Bc1 Ne7 18. Qd3 a6 19. Ne3 Qc6 20. Rh2 b5 21. g5 fxg5 22. hxg5 Rac8 23. cxb5 axb5 24. Bg4 Nxg5 25. Nd5 Nxd5 26. exd5 Qxc1 27. Rxc1 Rxc1+ 28. Ke2 Rc4 29. Be6+ Kf8 30. b3 Re4+ 31. Kf1 b4 32. Rg2 Rd4 33. Qe2 Bf6 34. Rg4 e4 35. Qe3 Rd3 36. Qa7 Rf3 37. Rxe4 Be7 38. Rxb4 Re8 39. Bd7 Rd8 40. Rb7 Ne4 41. Ke2 Rf4 42. Be6 Re8 43. Qe3 Bg5 44. Qxf4+ 1-0

[Event "Harkany Tenkes Cup"]
[Site "Harkany"]
[Date "1997.??.??"]
[Round "9"]
[White "Kozlova, Olga"]
[Black "Kutuzovic, Branko"]
[Result "0-1"]
[WhiteElo "2240"]
[BlackElo "2395"]
[PlyCount "38"]
[EventDate "1997.11.??"]
[EventType "swiss"]
[EventRounds "9"]
[EventCountry "HUN"]
[SourceTitle "EXT 2001"]
[Source "ChessBase"]
[SourceDate "2000.11.22"]
[SourceVersion "1"]
[SourceVersionDate "2000.11.22"]
[SourceQuality "1"]

1. e4 c5 2. Nf3 d6 3. d4 cxd4 4. Nxd4 Nf6 5. Nc3 g6 6. Be3 Bg7 7. f3 0-0 8. Qd2 Nc6 9. Bc4 Bd7 10. h4 h5 11. Bb3 Rc8 12. g4 hxg4 13. f4 Qa5 14. 0-0-0 Nxd4 15. Bxd4 e5 16. fxe5 dxe5 17. Qg5 Nh7 18. Qxg6 Rc6 19. Qh5 Rh6 0-1

[Event "Harkany Tenkes Cup"]
[Site "Harkany"]
[Date "1997.??.??"]
[Round "6"]
[White "Kozlova, Olga"]
[Black "Parkanyi, Attila"]
[Result "1/2-1/2"]
[WhiteElo "2240"]
[BlackElo "2350"]
[PlyCount "120"]
[EventDate "1997.11.??"]
[EventType "swiss"]
[EventRounds "9"]
[EventCountry "HUN"]
[SourceTitle "EXT 2001"]
[Source "ChessBase"]
[SourceDate "2000.11.22"]
[SourceVersion "1"]
[SourceVersionDate "2000.11.22"]
[SourceQuality "1"]

1. e4 c5 2. Nf3 d6 3. d4 cxd4 4. Nxd4 Nf6 5. Nc3 g6 6. Be3 Bg7 7. Qd2 Ng4 8. Bg5 h6 9. Bh4 Nc6 10. Nb3 0-0 11. h3 Nge5 12. f4 Nd7 13. 0-0-0 a5 14. a4 Nb6 15. Bb5 Qc7 16. Rhe1 Nb4 17. Kb1 Be6 18. Bf2 Nc4 19. Bxc4 Qxc4 20. Nd4 Rfc8 21. Qe2 Qxe2 22. Rxe2 Bc4 23. Red2 e6 24. Ndb5 d5 25. Bd4 dxe4 26. Nd6 Rc6 27. Ndxe4 Bxd4 28. Rxd4 Kg7 29. g3 b6 30. Rd7 Bd5 31. Nd6 Rf8 32. Rd2 h5 33. Ncb5 Na6 34. c4 Bxc4 35. Nd4 Bd5 36. Nxc6 Bxc6 37. Ra7 Nc5 38. Nc4 Be4+ 39. Ka2 Bd5 40. b3 Nxa4 41. Ne3 Nc3+ 42. Kb2 Ne4 43. Rg2 Ba8 44. Nc4 Nf6 45. Re2 Nd5 46. Rxe6 h4 47. Ne5 Kg8 48. Nxf7 Rxf7 49. Rxa8+ Kg7 50. gxh4 Nc7 51. Rg8+ Kxg8 52. Rxg6+ Kf8 53. Rxb6 Rxf4 54. Rb7 Rf2+ 55. Kc3 Ne6 56. Rb5 Ra2 57. Re5 Kf7 58. h5 Kf6 59. h6 Nf8 60. Re8 Kf7 1/2-1/2

[Event "RUS-ch (Women) sf"]
[Site "Kolontaevo"]
[Date "1997.??.??"]
[Round "?"]
[White "Kozlova, Olga"]
[Black "Ruchieva, Natalia"]
[Result "0-1"]
[WhiteElo "2240"]
[BlackElo "2215"]
[PlyCount "37"]
[EventDate "1997.??.??"]
[EventType "swiss"]
[EventRounds "9"]
[EventCountry "RUS"]
[SourceTitle "EXT 1999"]
[Source "ChessBase"]
[SourceDate "1998.11.16"]
[SourceVersion "1"]
[SourceVersionDate "1998.11.16"]
[SourceQuality "1"]

1. e4 d5 2. exd5 Qxd5 3. Nc3 Qa5 4. d4 Nf6 5. Nf3 c6 6. Bc4 Bf5 7. Ne5 e6 8. Bd2 Nbd7 9. Qe2 Nxe5 10. dxe5 Nd7 11. Nd5 Qd8 12. Ne3 Bg6 13. f4 Bc5 14. 0-0-0 Qe7 15. Bb3 0-0-0 16. Rhf1 h5 17. g3 Nb6 18. h3 Nd7 19. Ba5 0-1

[Event "Zagorovsky Memorial op"]
[Site "Voronezh"]
[Date "1997.??.??"]
[Round "?"]
[White "Kozlova, Olga"]
[Black "Sergienko, Sergey"]
[Result "1/2-1/2"]
[WhiteElo "2240"]
[BlackElo "2425"]
[PlyCount "89"]
[EventDate "1997.??.??"]
[EventType "swiss"]
[EventRounds "9"]
[EventCountry "RUS"]
[SourceTitle "EXT 2000"]
[Source "ChessBase"]
[SourceDate "1999.11.16"]
[SourceVersion "1"]
[SourceVersionDate "1999.11.16"]
[SourceQuality "1"]

1. e4 e6 2. d4 d5 3. Nc3 Bb4 4. Nge2 dxe4 5. a3 Be7 6. Nxe4 Nc6 7. Be3 Nf6 8. Nxf6+ Bxf6 9. Qd2 b6 10. 0-0-0 Bb7 11. Nf4 0-0 12. d5 exd5 13. Nxd5 Be5 14. Bc4 Kh8 15. Qe2 Bd6 16. Qh5 Ne5 17. Ba2 Qd7 18. Rd4 Ng6 19. Rhd1 Bxd5 20. Bxd5 Rae8 21. Rg4 Re5 22. Rg5 Qe7 23. Rxe5 Bxe5 24. Qf5 Rd8 25. c3 f6 26. g3 Nf8 27. Bb3 Rxd1+ 28. Kxd1 g6 29. Qe4 Qd8+ 30. Kc2 Nd7 31. Qd5 Bd6 32. Bh6 Ne5 33. h3 c6 34. Qe4 g5 35. f4 gxf4 36. Bxf4 Ng6 37. Bxd6 Qxd6 38. Qe6 Qxe6 39. Bxe6 Ne5 40. c4 Kg7 41. Kc3 Kf8 42. Kd4 Ke7 43. Bf5 h6 44. b4 Nf3+ 45. Ke3 1/2-1/2

[Event "Harkany Tenkes Cup"]
[Site "Harkany"]
[Date "1997.??.??"]
[Round "7"]
[White "Portisch, Ferenc"]
[Black "Kozlova, Olga"]
[Result "1-0"]
[WhiteElo "2370"]
[BlackElo "2240"]
[PlyCount "51"]
[EventDate "1997.11.??"]
[EventType "swiss"]
[EventRounds "9"]
[EventCountry "HUN"]
[SourceTitle "EXT 2001"]
[Source "ChessBase"]
[SourceDate "2000.11.22"]
[SourceVersion "1"]
[SourceVersionDate "2000.11.22"]
[SourceQuality "1"]

1. d4 Nf6 2. c4 e6 3. Nc3 Bb4 4. e3 c5 5. Bd3 Bxc3+ 6. bxc3 d6 7. Ne2 Nc6 8. 0-0 0-0 9. e4 Ne8 10. e5 b6 11. Ng3 Ba6 12. Qg4 Qd7 13. Qh3 f5 14. exf6 Nxf6 15. d5 Ne5 16. dxe6 Qc7 17. Nf5 Nxd3 18. Qxd3 d5 19. Qf3 Bxc4 20. Bf4 Qb7 21. e7 Rfe8 22. Rfe1 Qd7 23. Bg5 Ne4 24. Qg4 Kh8 25. Bf6 Rxe7 26. Bxe7 1-0